MDQL
is popping MORE tags! Check the
thread
!
Quizzes
Events
Quiz Creation
Community
Videos
Private Events
Remove Ads
Sign In
Join for FREE
Feedback
Dark Mode
Quiz Categories
Sports
Geography
Music
Movies
Television
Just For Fun
Miscellaneous
History
Literature
Language
Science
Gaming
Entertainment
Religion
Holiday
For Kids
Quiz Lab
Recent
Popular Today
Quiz Kudos Today
Editor Picks
Curator Picks
Quizzes by...
Day
Popularity
Type
Ratings
Length
Year
Community
Subscriptions
Recent Discussions
Orange Saloon
Badges
Playlists
Quests
Create
Leaderboards
Showdown
Live 5
Trivia Bingo
Activity
Puzzle Library
Sporcle Events
Private Events
Virtual Trivia
Globe League
Become a Host
Pub Owners
SporcleCon
Opinionation
Our Games
Videos
Blog
Mobile Apps
Partnerships
Remove Ads and Go Orange
Feedback
Music
Pop Music
The Beatles
Song
Album
Lyrics
Bands
Singers
Artist
Clip
Rock
Rap
Classical
Billboard
Country Music
Kpop
Taylor Swift
Music
Pop Music
The Beatles
Song
Album
Lyrics
Bands
Singers
Artist
Clip
Rock
Rap
Classical
Billboard
Country Music
Kpop
Taylor Swift
Random Quiz
Search Sporcle
×
Quiz Lab
Quiz Lab
Music
Artist
Type in answers that appear in a list
Type in answers that appear in a list
Classic
Best Score? Go Orange.
Reading Festival 2010 Stats
Can you name the Reading Festival 2010?
By
tedmaul
20m
95 Questions
113 Plays
113 Plays
113 Plays
Comments
Comments
Give Quiz Kudos
Give Quiz Kudos
-
- Ratings
hide this ad
Replay
Link that replays current quiz
Next Quiz
Link to next quiz in quiz playlist
You Got
0%
They Got
Avg Score
27%
Avg Friend Score
Upgrade to see
Score Distribution
Jump to the score distribution portion of the page
Score
0/95
Timer
20:00
0
Plays Today
Stage
Artist
% Correct
Saturday Main Stage
Arcade Fire
85.8%
Sunday Main Stage
blink-182
85.8%
Friday Main Stage
Guns 'N' Roses
84.1%
Sunday Main Stage
Paramore
84.1%
Saturday Main Stage
The Libertines
80.5%
Friday Main Stage
Queens Of The Stone Age
69%
Friday Main Stage
Biffy Clyro
69%
Sunday Main Stage
Weezer
69%
Saturday Main Stage
Dizzee Rascal
63.7%
Saturday Radio 1 Stage
Pendulum
62.8%
Friday Main Stage
Lostprophets
61.1%
Sunday Main Stage
Youmeatsix
61.1%
Saturday Radio 1 Stage
Enter Shikari
57.5%
Sunday Radio 1 Stage
Klaxons
56.6%
Sunday Main Stage
Limp Bizkit
55.8%
Saturday Main Stage
The Cribs
54%
Sunday Main Stage
All Time Low
54%
Sunday Main Stage
Cypress Hill
53.1%
Saturday Radio 1 Stage
Crystal Castles
50.4%
Saturday Main Stage
The Maccabees
45.1%
Saturday Main Stage
The Gaslight Anthem
45.1%
Friday Radio 1 Stage
Mumford & Sons
45.1%
Friday Radio 1 Stage
Two Door Cinema Club
41.6%
Saturday Main Stage
Modest Mouse
40.7%
Friday Main Stage
NoFX
39.8%
Friday Radio 1 Stage
LCD Soundsystem
39.8%
Saturday Lock Up Stage
NOFX (Secret Set)
39.8%
Saturday Radio 1 Stage
Frank Turner
38.9%
Sunday Radio 1 Stage
Foals
38.9%
Saturday Lock Up Stage
Gallows (Billed As 'The Rats')
37.2%
Friday Radio 1 Stage
Phoenix
35.4%
Friday Main Stage
Young Guns
33.6%
Stage
Artist
% Correct
Saturday Main Stage
The Mystery Jets
31.9%
Friday Main Stage
Billy Talent
30.1%
Friday Main Stage
A Day To Remember
29.2%
Saturday Main Stage
The Futureheads
29.2%
Sunday Main Stage
The King Blues
29.2%
Sunday Radio 1 Stage
We Are Scientists
28.3%
Friday Main Stage
Gogol Bordello
26.5%
Saturday Lock Up Stage
Bad Religion
25.7%
Sunday Main Stage
Motion City Soundtrack
24.8%
Saturday Radio 1 Stage
Hadouken!
24.8%
Saturday Radio 1 Stage
3oh!3
24.8%
Sunday Dance Stage
Magnetic Man
24.8%
Saturday Main Stage
The Walkmen
23%
Saturday Radio 1 Stage
Kids In Glass Houses
21.2%
Sunday Radio 1 Stage
Kele Okereke
21.2%
Friday Lock Up Stage
Alkaline Trio
21.2%
Sunday Dance Stage
Metronomy
21.2%
Friday Radio 1 Stage
Delphic
20.4%
Saturday Radio 1 Stage
Everything Everything
20.4%
Sunday Radio 1 Stage
The Drums
20.4%
Saturday Lock Up Stage
Cancer Bats
19.5%
Sunday Dance Stage
Roots Manuva
19.5%
Sunday Radio 1 Stage
The Joy Formidable
18.6%
Saturday Radio 1 Stage
Serj Tankian
17.7%
Sunday Radio 1 Stage
Band of Horses
16.8%
Sunday Dance Stage
Sub Focus
16.8%
Sunday Main Stage
Thrice
15.9%
Friday Radio 1 Stage
The Big Pink
14.2%
Sunday Radio 1 Stage
Los Campesinos!
13.3%
Friday Lock Up Stage
Sick of It All
13.3%
Sunday Dance Stage
Rusko
13.3%
Friday Radio 1 Stage
Yeasayer
12.4%
Stage
Artist
% Correct
Friday Radio 1 Stage
Girls
12.4%
Saturday Radio 1 Stage
Rolo Tomassi
11.5%
Friday Lock Up Stage
Against Me!
11.5%
Saturday Radio 1 Stage
Band Of Skulls
10.6%
Sunday Radio 1 Stage
Wild Beasts
10.6%
Sunday Dance Stage
Chiddy Bang
10.6%
Friday Radio 1 Stage
New Young Pony Club
8%
Friday Radio 1 Stage
Surfer Blood
8%
Saturday Lock Up Stage
Zebrahead
8%
Saturday Lock Up Stage
Trash Talk
8%
Friday Radio 1 Stage
Frankie and the Heartstrings
6.2%
Friday Lock Up Stage
Crazy Arm
6.2%
Friday Lock Up Stage
Hatebreed
5.3%
Friday Lock Up Stage
Streetlight Manifesto
5.3%
Saturday Lock Up Stage
The Get Up Kids
5.3%
Friday Lock Up Stage
The Skints
4.4%
Saturday Lock Up Stage
Random Hand
4.4%
Sunday Dance Stage
Holy ****
4.4%
Sunday Radio 1 Stage
Local Natives
3.5%
Saturday Lock Up Stage
Cerebral Ballzy
3.5%
Sunday Dance Stage
Lights
2.7%
Sunday Radio 1 Stage
Goldheart Assembly
1.8%
Friday Lock Up Stage
Strike Anywhere
1.8%
Friday Lock Up Stage
Civet
1.8%
Friday Lock Up Stage
This Is Hell
0.9%
Friday Lock Up Stage
Blood or Whiskey
0.9%
Saturday Lock Up Stage
Paint It Black
0.9%
Saturday Lock Up Stage
Off With Their Heads
0.9%
Saturday Lock Up Stage
Moral Dilemma
0.9%
Sunday Dance Stage
Four Tet
0.9%
Sunday Dance Stage
Health
0%
Quiz Playlist
Details
Report
Send in Message
Add To Playlist
Classic:
Type in answers that appear in a list
Last Updated: Feb 16, 2017
Quiz Scoreboard
CHALLENGE
Sign Up to Join the Scoreboard
Show All
Scores
Hide
Comments
May contain spoilers
Recently Published
Holiday 10x10 Sorting Gallery
by lukepisani3
Holiday
15m
Two Season TV Shows II
by 123Four
Television
10m
Image Sorting: Flags VI
by Barbecue
Geography
2m
More to Explore
Quiz From the Vault
Featured Blog Post
14 Easter Pick-up Lines to Find Eggs With
hide this ad
You Might Also Like...
Tags
Artist Quiz
2010
Festival
Reading
Reading Festival
stage
Today's Top Quizzes in Music
Browse Music
hide this ad
Today's Top Quizzes in Artist
Browse Artist
Top Contributed Quizzes in Music
1
5X2 Blitz: Bands II
2
Taylor Swift All Songs (2024)
3
5X2 Blitz: The Beatles
4
5X2 Blitz: Billboard
5
Music Artist by Three 2010s hits
6
5X2 Blitz: Billboard II
7
5X2 Blitz: Album
8
5X2 Blitz: Rock
9
5X2 Blitz: Singers
10
5X2 Blitz: Lyrics
Explore More
Trending Topics
Disney
NBA
Harry Potter
Crossword
Anime
Kpop
Marvel
Country
Pokémon
WWE
Puzzle
NFL
Song
The Office
Soccer
hide this ad
More By:
tedmaul
Quiz
Plays
Rating
Category
Featured
Created
WWF Attitude Era Roster
24,138
3.86
Sports
Jun 1, 2010
Top French Premier League Scorers
1,928
3.33
Sports
Jan 20, 2010
Top Scorers per Nationality
1,795
4.00
Sports
Jan 17, 2010
Premier League Scorers - The Next 200
1,548
3.91
Sports
Feb 14, 2010
Limp Bizkit Songs
1,052
4.50
Music
Jun 21, 2010
Go to Creator's Profile
Score Distribution
Quiz Creator Spotlight
tedmaul
Follow
Send a Message
Quizzes Created
-
Created Quiz Play Count
-
More By This Creator
Popular Quizzes Today
1
Find the US States - No Outlines Minefield
2
Colored Red Africa Blitz
3
Find the 'City' Movie
4
The Countries of the World
5
5x2 Blitz: Bands
6
Find the US States
7
Find the Countries of Europe - No Outlines Minefield
8
US States
More Music Quizzes
Guess the K-POP MV 2
Quiz Lab
Trending Quizzes
Colored Red Europe Blitz I
Colored Red Europe Blitz II
Colored Red Africa Blitz II
Colored Red Europe Blitz III
Colored Red Africa Blitz III
Recently Updated
Odd Team Out - Big 4 Players
pecheneg
Quick Pick: 20 Twenties
pecheneg
March Madness Men's Triple Doubles
pecheneg
How Do You Spell That?
pecheneg
Godzilla Movies
pecheneg
Grab Bag: 4-10 Letters
pecheneg
2024 March Madness Bracket
pecheneg
Famous TV Couples
Peacemaker
Champions League XIs: Real Madrid
pecheneg
Largest US Cities 1790-2010
pecheneg
Trending Topics
Anime
Harry Potter
Marvel
NBA
Crossword
Disney
Kpop
Soccer
Pokémon
Country
NFL
The Office
Puzzle
Song
WWE
Your Account Isn't Verified!
In order to create a playlist on Sporcle, you need to verify the email address you used during registration. Go to your
Sporcle Settings
to finish the process.
Report this User
Report this user for behavior that violates our
Community Guidelines
.
Details:
Send Report
Go to the Sporcle.com Mobile Site →
Comments